Cricket Teams by Nickname - Statistics

General Stats
  • This quiz has been taken 39 times
  • The average score is 6 of 10
Answer Stats
Question Answer % Correct
Men in Blue India
83%
Green and Whites Ireland
83%
Eagles Namibia
83%
The Black Caps New Zealand
83%
Barramundis Papua New Guinea
67%
The Proteas South Africa
67%
The Invincibles Australia
50%
Shaheens Pakistan
50%
The Lions Sri Lanka
50%
The Chevrons Zimbabwe
17%
No matching quizzes found
Score Distribution
Percent of People with Each Score
Percentile by Number Answered
Your Score History
You have not taken this quiz